000 00793nam a2200217 i 4500
001 61502
003 ES-MaACL
005 20250825062628.0
007 t|
008 031112s1980 sp ||||1| spa d
080 _a016:82-93
245 0 0 _aDos siglos de libro infantil :
_b1729 a 1930 : [exposición], Sala Barquillo, enero 1981 /
_cde la colección de libros antiguos de Carmen Bravo-Villasante.
260 _aMadrid :
_bCaja de Ahorros y Monte de Piedad de Madrid,
_c[1980]
300 _a134 p. :
_bil. col. y n. ;
_c21 x 21 cm.
650 4 _aLiteratura infantil-
_vExposiciones.
_9172824
655 7 _aLibros infantiles
_2tgfbne
_9226786
700 1 _aBravo-Villasante, Carmen,
_d1918-1994
_931507
710 0 0 _aCaja Madrid.
_92336
852 _aES-MaACL
_jL-983
999 _c61502
_d61502